[Event "Let's Play Chess!"]
[Site "http://www.queenalice.com/game.php?id=1025782"]
[Date "2012.2.3"]
[Round "-"]
[White "The_Blunder_Bus"]
[Black "Wilson"]
[Result "1-0"]
[WhiteElo "1850"]
[BlackElo "1525"]

1. d4 d5 2. c4 c6 3. e3 Nf6 4. Nc3 e6 5. Nf3 Be7 6. Bd3 O-O 7. Ng5 Nbd7 8. c5 b5
9. Qf3 a6 10. Qh3 g6 11. e4 b4 12. e5 Ne8 13. Qxh7# 1-0

[Event "Challenge"]
[Site "http://www.queenalice.com/game.php?id=1027569"]
[Date "2012.2.7"]
[Round "-"]
[White "aquatico"]
[Black "The_Blunder_Bus"]
[Result "0-1"]
[WhiteElo "1839"]
[BlackElo "1901"]

1. g4 e6 2. Bg2 d5 3. h4 h6 4. e4 c6 5. d4 Bb4+ 6. Bd2 Qb6 7. c3 Be7 8. g5 Qxb2
9. gxh6 Qxa1 10. hxg7 Rh7 11. exd5 Rxg7 12. h5 Rxg2 13. h6 Nxh6 14. Bxh6 Qxa2
15. Qd2 Qxb1+ 16. Qc1 Qe4+ 17. Be3 Bh4 18. Rxh4 Qxh4 19. Ne2 Rh2 20. Kd2 exd5
21. Qg1 Bg4 22. f3 Rh1 23. Qg2 Qe1+ 24. Kc2 Qb1+ 25. Kd2 Qb2+ 26. Kd3 Bf5# 0-1

[Event "Challenge"]
[Site "http://www.queenalice.com/game.php?id=1031156"]
[Date "2012.2.19"]
[Round "-"]
[White "plot24"]
[Black "The_Blunder_Bus"]
[Result "1-0"]
[WhiteElo "1796"]
[BlackElo "1886"]

1. e4 e6 2. f4 d5 3. exd5 exd5 4. Nf3 Bd6 5. d4 Bd7 6. Nbd2 Bxf4 7. Bd3 Nf6 8.
O-O Ng4 9. Qe2+ Be6 10. Nb3 Bd6 11. Ng5 Qd7 12. Bf5 Ke7 13. Bxg4 Rf8 14. Nxh7 f6
15. Nxf8 Kxf8 16. Qxe6 Qxe6 17. Bxe6 Nc6 18. Bxd5 Ke7 19. Bxc6 bxc6 20. c3 Rh8
21. Bf4 Bxf4 22. Rxf4 a5 23. Nxa5 g5 24. Rf5 Ke6 25. Rc5 Rb8 26. b4 g4 27. Rxc6+
Kf5 28. Rf1+ Kg5 29. Rcxf6 Rh8 30. g3 1-0

[Event "Challenge"]
[Site "http://www.queenalice.com/game.php?id=1032688"]
[Date "2012.2.24"]
[Round "-"]
[White "theblackfox"]
[Black "The_Blunder_Bus"]
[Result "0-1"]
[WhiteElo "1989"]
[BlackElo "1841"]

1. e4 e6 2. d4 d5 3. Nc3 Bb4 4. Bd2 Nf6 5. Bb5+ Bd7 6. Nf3 O-O 7. O-O Nc6 8. a3
Ba5 9. b4 Bb6 10. Bg5 h6 11. Bh4 a6 12. Ba4 Qe8 13. Re1 g5 14. Bg3 Qd8 15. exd5
exd5 16. h4 g4 17. Ne5 Bxd4 18. Nxc6 Bxc6 19. Qxd4 Bxa4 20. Nxa4 b6 21. Be5 Ne4
22. Bg7 Re8 23. Bxh6 f6 24. c4 g3 25. fxg3 Nxg3 26. Rxe8+ Qxe8 27. Qg4+ Kf7 28.
Qg7+ Ke6 29. Qxg3 Qxa4 30. Re1+ Kd7 31. Qg4+ Kc6 32. cxd5+ Kb7 33. Qe4 Rg8 34.
d6+ Qc6 35. Qe7 Qxg2# 0-1

[Event "Challenge"]
[Site "http://www.queenalice.com/game.php?id=1032689"]
[Date "2012.2.24"]
[Round "-"]
[White "The_Blunder_Bus"]
[Black "theblackfox"]
[Result "1-0"]
[WhiteElo "1887"]
[BlackElo "1989"]

1. d4 d5 2. c4 Nf6 3. Nc3 g6 4. e3 Bg7 5. Nf3 O-O 6. Bd3 Nc6 7. Qc2 Bg4 8. Be2
a5 9. h3 Be6 10. e4 dxc4 11. d5 Bd7 12. dxc6 Bxc6 13. Bxc4 h6 14. O-O e5 15. Rd1
Qc8 16. Nxe5 Be8 17. Nxg6 b5 18. Ne7+ Kh8 19. Nxc8 Rxc8 20. Nxb5 Bc6 21. e5 Ne4
22. e6 fxe6 23. f3 Ng3 24. Qg6 Nf5 25. Bxe6 Rf6 26. Qxf5 Rxf5 27. Bxf5 Rf8 28.
Bd3 a4 29. Nxc7 h5 30. Ne6 Rf6 31. Nxg7 Kxg7 32. b3 Rd6 33. Bb2+ Kf7 34. Bc4+
Ke7 35. Ba3 axb3 36. Bxd6+ Kf6 37. Bxb3 h4 38. Bb4 Kg5 39. Rac1 Bb5 40. Rd5+ Kf4
41. Rxb5 Ke3 42. Re1+ Kf4 43. Re4+ Kg3 44. Rg4# 1-0

[Event "Challenge"]
[Site "http://www.queenalice.com/game.php?id=1035313"]
[Date "2012.3.2"]
[Round "-"]
[White "The_Blunder_Bus"]
[Black "constantin"]
[Result "0-1"]
[WhiteElo "1938"]
[BlackElo "1818"]

1. d4 d5 2. c4 e6 3. Nc3 Bb4 4. Bd2 Bxc3 5. Bxc3 Nf6 6. f3 Nh5 7. g3 O-O 8. e4
dxe4 9. fxe4 Nf6 10. Bd3 b6 11. e5 Nfd7 12. Qh5 h6 13. Qf3 c6 14. Qe4 g6 15. Bd2
h5 16. Qe3 Re8 17. Nf3 Nf8 18. Qh6 f5 19. exf6 Qxf6 20. Bg5 Qxf3 21. Rf1 Qxd3
22. Rxf8+ Rxf8 23. Rd1 Rf1# 0-1

[Event "Challenge"]
[Site "http://www.queenalice.com/game.php?id=1042443"]
[Date "2012.3.25"]
[Round "-"]
[White "The_Blunder_Bus"]
[Black "AlekinePb"]
[Result "0-1"]
[WhiteElo "1866"]
[BlackElo "1871"]

1. e4 e6 2. d4 d5 3. Nc3 Bb4 4. Nf3 dxe4 5. Ne5 Nf6 6. Bg5 O-O 7. Ng4 Nbd7 8.
Be2 Be7 9. Nxf6+ Nxf6 10. O-O b6 11. Bxf6 Bxf6 12. d5 exd5 13. Nxd5 Bb7 14. Bc4
Bxb2 15. Rb1 Be5 16. Re1 Bxd5 17. Bxd5 Rb8 18. Rxe4 Bf6 19. Rb3 c5 20. Rd3 Qc7
21. g3 Rfe8 22. Qe2 Rxe4 23. Qxe4 g6 24. Rf3 Kg7 25. h4 Rd8 26. h5 Qd7 27. Qf4
Qd6 28. Qxd6 Rxd6 29. c4 g5 30. a4 h6 31. Rf5 a6 32. f4 b5 33. cxb5 axb5 34.
axb5 Bd4+ 35. Kg2 f6 36. fxg5 hxg5 37. g4 Be5 38. Bc6 c4 39. Rf2 c3 40. Kf3 Rd4
41. b6 Rf4+ 42. Ke2 Rxf2+ 43. Kxf2 c2 0-1

[Event "Challenge"]
[Site "http://www.queenalice.com/game.php?id=1042509"]
[Date "2012.3.25"]
[Round "-"]
[White "The_Blunder_Bus"]
[Black "AlekinePb"]
[Result "0-1"]
[WhiteElo "1848"]
[BlackElo "1913"]

1. e4 e6 2. d4 d5 3. Bb5+ c6 4. Ba4 Qa5+ 5. Nc3 Bb4 6. Bb3 Bxc3+ 7. bxc3 Qxc3+
8. Qd2 Qxd2+ 9. Bxd2 dxe4 10. c3 Nf6 11. Bg5 Nd5 12. Ne2 O-O 13. O-O h6 14. Bd2
Nd7 15. f3 exf3 16. Rxf3 N7f6 17. Bc2 Bd7 18. Rg3 Kh8 19. Rf1 Rfe8 20. Rgf3 b5
21. a4 a6 22. Bb3 Rf8 23. Bxd5 exd5 24. Bf4 Ne4 25. Be5 Nd2 26. Rg3 Nxf1 27.
Kxf1 Bf5 28. Bxg7+ Kh7 29. Bxf8 Rxf8 30. Nf4 Re8 31. Nh5 Re6 32. Rg7+ Kh8 33.
axb5 axb5 34. Rxf7 Bg6 35. Rf8+ Kh7 36. Nf4 Rd6 37. Nxg6 Kxg6 38. g4 Kg5 39.
Rg8+ Kh4 40. Kg2 Re6 41. h3 Re3 42. Rg6 Rxc3 43. Rxh6+ Kg5 44. Rh5+ Kg6 45. Kf2
b4 46. Ke2 b3 47. Rf5 b2 48. Rf1 Rc1 49. Kd2 Rxf1 0-1

[Event "Challenge"]
[Site "http://www.queenalice.com/game.php?id=1043906"]
[Date "2012.3.29"]
[Round "-"]
[White "The_Blunder_Bus"]
[Black "AlekinePb"]
[Result "0-1"]
[WhiteElo "1864"]
[BlackElo "1898"]

1. d4 d5 2. e4 dxe4 3. Nc3 Nf6 4. Bg5 e6 5. Bb5+ c6 6. Ba4 Bb4 7. a3 Bxc3+ 8.
bxc3 Qa5 9. Bxf6 Qxa4 10. Bxg7 Rg8 11. Be5 Rxg2 12. Ra2 Qc4 13. Ne2 Nd7 14. Bg3
Qxa2 15. Nf4 Rxg3 16. hxg3 Nf6 17. g4 Bd7 18. g5 Nd5 19. Nxd5 exd5 20. Rxh7
O-O-O 21. Rxf7 Rg8 22. Rxd7 Kxd7 23. Qg4+ Kc7 24. Qf4+ Kb6 25. Kd2 Qxa3 26. Qf6
Rf8 27. Qh6 Rxf2+ 28. Ke3 Rf3+ 29. Ke2 Qxc3 30. g6 Qxc2+ 31. Qd2 Rf2+ 32. Kxf2
e3+ 33. Kxe3 Qxg6 34. Qb4+ Kc7 35. Qa5+ Kd7 36. Qxa7 Qe4+ 37. Kd2 Qf4+ 38. Kc3
Qe3+ 39. Kc2 Qe2+ 40. Kc3 Qb5 41. Qc5 Qxc5+ 42. dxc5 Ke6 43. Kd4 Kf5 44. Ke3 Ke5
45. Kd3 d4 46. Kc4 Ke4 47. Kb3 d3 48. Kc3 Ke3 0-1

[Event "Challenge"]
[Site "http://www.queenalice.com/game.php?id=1044228"]
[Date "2012.3.30"]
[Round "-"]
[White "The_Blunder_Bus"]
[Black "AlekinePb"]
[Result "1-0"]
[WhiteElo "1846"]
[BlackElo "1857"]

1. d4 d5 2. c4 e6 3. Nc3 Nf6 4. Bg5 Be7 5. Nf3 b6 6. e3 Bb7 7. Bd3 O-O 8. O-O
dxc4 9. Bxc4 Nbd7 10. Re1 c5 11. Re2 Bxf3 12. gxf3 Qc7 13. f4 cxd4 14. Qxd4 Rfd8
15. f5 Nc5 16. Qh4 exf5 17. Rd1 Rxd1+ 18. Nxd1 Nce4 19. Rc2 Qe5 20. Bf4 Qa5 21.
f3 Nd6 22. Bb3 Rd8 23. Qg3 Nde4 24. fxe4 Rxd1+ 25. Kg2 Nxe4 26. Qf3 Rd2+ 27.
Rxd2 Nxd2 28. Qa8+ Bf8 29. Bd6 h6 30. Qxf8+ Kh7 31. Bb4 Qb5 32. Bxd2 Qe2+ 33.
Kg3 Qxd2 34. Qxf7 Qxe3+ 35. Kg2 Qe2+ 36. Kg3 Qg4+ 37. Kf2 Qf4+ 38. Ke1 Qe3+ 39.
Kd1 f4 40. Bc2+ 1-0

[Event "Challenge"]
[Site "http://www.queenalice.com/game.php?id=1048072"]
[Date "2012.4.11"]
[Round "-"]
[White "blikinn"]
[Black "The_Blunder_Bus"]
[Result "1-0"]
[WhiteElo "1966"]
[BlackElo "1843"]

1. e4 Nf6 2. e5 Nd5 3. g3 e6 4. Bg2 Nc6 5. d4 d6 6. c4 Nb6 7. Bxc6+ bxc6 8. f4
Nxc4 9. Qa4 Nb6 10. Qxc6+ Bd7 11. Qc2 Rc8 12. Nc3 c5 13. Nge2 Nd5 14. exd6 Bxd6
15. Ne4 cxd4 16. Nxd6+ Ke7 17. Nxc8+ Bxc8 18. Qc5+ Ke8 19. Bd2 d3 20. Qb5+ Bd7
21. Qxd3 Qb6 22. Qd4 Qb5 23. a4 Qb7 24. O-O f6 25. b4 Kf7 26. Rfc1 Rb8 27. Nc3
Bc6 28. Ne4 a6 29. Nd6+ 1-0

[Event "Challenge"]
[Site "http://www.queenalice.com/game.php?id=1048073"]
[Date "2012.4.11"]
[Round "-"]
[White "The_Blunder_Bus"]
[Black "blikinn"]
[Result "1-0"]
[WhiteElo "1827"]
[BlackElo "1908"]

1. d4 d5 2. c4 Nc6 3. Nc3 dxc4 4. e3 Nf6 5. Bxc4 Bf5 6. Qf3 Bg4 7. Qf4 Qd6 8.
Qxd6 cxd6 9. Be2 Bf5 10. d5 Nb4 11. Bd1 Nbxd5 12. Bf3 Be6 13. Nge2 g6 14. e4
Nxc3 15. Nxc3 Nd7 16. O-O Bg7 17. Nd5 Bxd5 18. exd5 O-O 19. Re1 Bf6 20. Bh6 Rfd8
21. Re4 Bxb2 22. Rb1 Bf6 23. Ra4 Nc5 24. Rg4 b6 25. h4 Nd3 26. h5 Ne5 27. Rg3
Rac8 28. hxg6 hxg6 29. Rb4 Rc4 30. Rxc4 Nxc4 31. Bh5 Kh7 32. Be2 Kxh6 33. Bxc4
1-0

[Event "Challenge"]
[Site "http://www.queenalice.com/game.php?id=1048819"]
[Date "2012.4.14"]
[Round "-"]
[White "TheDonaldo"]
[Black "The_Blunder_Bus"]
[Result "1-0"]
[WhiteElo "1911"]
[BlackElo "1926"]

1. e4 e6 2. d4 d5 3. Nc3 Nf6 4. e5 Nfd7 5. f4 c5 6. Nf3 c4 7. g3 Qa5 8. Bh3 Bb4
9. a3 Bxc3+ 10. bxc3 Qxc3+ 11. Bd2 Qb2 12. O-O O-O 13. Bb4 a5 14. Bxf8 Kxf8 15.
Qd2 Nb6 16. Rfb1 1-0

[Event "Challenge"]
[Site "http://www.queenalice.com/game.php?id=1048822"]
[Date "2012.4.14"]
[Round "-"]
[White "The_Blunder_Bus"]
[Black "TheDonaldo"]
[Result "0-1"]
[WhiteElo "1896"]
[BlackElo "1928"]

1. d4 Nf6 2. c4 g6 3. Nc3 Bg7 4. Bg5 O-O 5. e3 d6 6. b4 a5 7. Qa4 Bd7 8. Qa3 Bf5
9. bxa5 Nc6 10. Nf3 Nxa5 11. c5 dxc5 12. dxc5 Nc6 13. Qb3 Ne4 14. Rd1 Bxc3+ 15.
Ke2 Qb8 16. Qc4 Qa7 17. Ra1 Bxa1 0-1

[Event "Challenge"]
[Site "http://www.queenalice.com/game.php?id=1052820"]
[Date "2012.4.26"]
[Round "-"]
[White "Zoe"]
[Black "The_Blunder_Bus"]
[Result "1-0"]
[WhiteElo "1814"]
[BlackElo "1872"]

1. d4 d5 2. Nf3 c5 3. e3 Nc6 4. dxc5 e5 5. Be2 Bxc5 6. O-O Nf6 7. c3 e4 8. Nd4
Nxd4 9. exd4 Bd6 10. Nd2 O-O 11. Re1 Ng4 12. Bxg4 Qh4 13. g3 Qxg4 14. Qxg4 Bxg4
15. b3 Rac8 16. Bb2 Rfe8 17. c4 dxc4 18. bxc4 Bf5 19. c5 Bc7 20. Nc4 Re6 21. d5
Rg6 22. d6 Bd8 23. Bd4 b6 24. Ne3 bxc5 25. Bxc5 Rxc5 26. Nxf5 Rxf5 27. Red1 1-0

[Event "Challenge"]
[Site "http://www.queenalice.com/game.php?id=1085259"]
[Date "2012.7.21"]
[Round "-"]
[White "piemme"]
[Black "The_Blunder_Bus"]
[Result "0-1"]
[WhiteElo "1769"]
[BlackElo "1853"]

1. e4 e5 2. Bc4 Nf6 3. d3 c6 4. Nf3 d5 5. exd5 cxd5 6. Bb5+ Nbd7 7. Bxd7+ Qxd7
8. Nxe5 Qe6 9. d4 Nd7 10. Qe2 f6 11. Nxd7 Qxe2+ 12. Kxe2 Bxd7 13. Re1 O-O-O 14.
Kf1 Bd6 15. Nd2 Bb5+ 16. Kg1 Rde8 17. Nf3 Rxe1+ 18. Nxe1 Re8 19. Nf3 g5 20. b3
g4 21. Nd2 Re1+ 22. Nf1 Rxf1# 0-1

[Event "Challenge"]
[Site "http://www.queenalice.com/game.php?id=1091301"]
[Date "2012.8.8"]
[Round "-"]
[White "The_Blunder_Bus"]
[Black "piemme"]
[Result "0-1"]
[WhiteElo "1870"]
[BlackElo "1787"]

1. d4 d5 2. c4 dxc4 3. e3 Bf5 4. Bxc4 Be4 5. Qg4 Nf6 6. Qg3 e6 7. f3 Bxb1 8.
Rxb1 Bb4+ 9. Bd2 Bxd2+ 10. Kxd2 O-O 11. Ne2 b6 12. Rhc1 a6 0-1

[Event "Challenge"]
[Site "http://www.queenalice.com/game.php?id=1106059"]
[Date "2012.9.24"]
[Round "-"]
[White "The_Blunder_Bus"]
[Black "dedey_r3"]
[Result "0-1"]
[WhiteElo "1835"]
[BlackElo "1670"]

1. e4 e5 2. Nf3 Nc6 3. Nc3 Nf6 4. d4 d6 5. Bb5 Bd7 6. Bg5 Be7 7. O-O O-O 8. h3
exd4 9. Nxd4 Nxd4 10. Qxd4 a6 11. Bc4 c5 12. Qd3 b5 13. Bd5 Nxd5 14. Bxe7 Nxe7
15. Rad1 b4 16. Ne2 Bb5 17. Qf3 a5 18. Rfe1 Bxe2 19. Rxe2 f5 20. Qb3+ Kh8 21. e5
d5 22. Rd3 d4 23. c3 Qd5 24. cxd4 Qxb3 25. axb3 a4 26. dxc5 a3 27. bxa3 bxa3 28.
Ra2 Nc6 29. e6 Nb4 30. e7 Rfe8 31. c6 Nxd3 32. Rd2 Rxe7 33. Rxd3 a2 0-1

[Event "Challenge"]
[Site "http://www.queenalice.com/game.php?id=1106060"]
[Date "2012.9.24"]
[Round "-"]
[White "dedey_r3"]
[Black "The_Blunder_Bus"]
[Result "1/2-1/2"]
[WhiteElo "1675"]
[BlackElo "1783"]

1. e4 e5 2. Nf3 Nc6 3. Bc4 Nf6 4. Nc3 Na5 5. Be2 c5 6. O-O d5 7. Bb5+ Nc6 8.
Bxc6+ bxc6 9. d3 d4 10. Ne2 Bd6 11. c3 Bg4 12. cxd4 cxd4 13. Bg5 h6 14. Bxf6
Qxf6 15. Ng3 h5 16. a3 h4 17. Nf5 g6 18. Qc1 c5 19. Nxd6+ Qxd6 20. b4 Rc8 21. h3
Bxf3 22. gxf3 Qd7 23. Kg2 cxb4 24. Qb2 bxa3 25. Rxa3 Qe7 26. Qb5+ Kf8 27. Rfa1
Ra8 28. Ra5 Kg7 29. Qd5 Qg5+ 30. Kf1 Rhd8 31. Qc5 Rac8 32. Qa3 Rc2 33. Ra2 Rdc8
34. Rxc2 Rxc2 35. Rc5 Qd2 36. Rxc2 Qxc2 37. Qxa7 Qxd3+ 38. Kg2 Qe2 39. Qa5 f6
40. Qc7+ Kh6 41. Qd6 d3 42. Qxf6 d2 43. Qxh4+ Kg7 44. Qe7+ Kg8 45. Qe8+ Kh7 46.
Qe7+ Kh6 47. Qh4+ 1/2-1/2

[Event "Challenge"]
[Site "http://www.queenalice.com/game.php?id=1112748"]
[Date "2012.10.15"]
[Round "-"]
[White "The_Blunder_Bus"]
[Black "Atalxxi1"]
[Result "0-1"]
[WhiteElo "1812"]
[BlackElo "1493"]

1. d4 d5 2. c4 e6 3. Nc3 Bb4 4. Bd2 Bxc3 5. Bxc3 Nc6 6. e3 Nf6 7. Nf3 O-O 8. Bd3
b6 9. Ne5 Nxe5 10. dxe5 Ne4 11. cxd5 Nxc3 12. bxc3 Qxd5 13. O-O Qxe5 14. Qf3 g6
15. Qxa8 a5 16. Qc6 Rd8 17. Rfd1 b5 18. Bxb5 Rf8 19. Rd4 Kg7 20. Ba6 Bxa6 21.
Qxa6 Qc5 22. c4 e5 23. Rg4 h5 24. Rg5 Rd8 25. f4 Qxe3+ 26. Kf1 Qxf4+ 27. Ke1
Qxg5 28. Rd1 Qe3+ 0-1

[Event "Challenge"]
[Site "http://www.queenalice.com/game.php?id=1112953"]
[Date "2012.10.16"]
[Round "-"]
[White "Atalxxi1"]
[Black "The_Blunder_Bus"]
[Result "0-1"]
[WhiteElo "1518"]
[BlackElo "1779"]

1. e4 e5 2. Nf3 Nc6 3. Bb5 Nf6 4. d3 a6 5. Bxc6 bxc6 6. Bg5 Be7 7. Nc3 d6 8. O-O
h6 9. Bxf6 Bxf6 10. a3 O-O 11. b3 Bg4 12. a4 Bg5 13. a5 Qf6 14. Rb1 Rae8 15. h3
Bxf3 16. Qxf3 Qxf3 17. gxf3 Re6 18. b4 Rg6 19. Kh1 Re8 20. Ne2 Ree6 21. c3 Bf4
22. d4 Rg5 23. d5 Reg6 24. Rg1 cxd5 25. exd5 f5 26. h4 Rxg1+ 27. Nxg1 e4 28.
fxe4 fxe4 29. Ne2 Rg4 30. h5 Rh4+ 31. Kg2 Rh2+ 32. Kg1 Be5 33. Re1 Rxh5 34. f4
Bf6 35. c4 g5 36. Ng3 Rh3 37. Kg2 g4 38. Rxe4 Bh4 39. f5 Rxg3+ 40. Kh2 Rb3 41.
Rxg4+ Bg5 42. b5 axb5 43. a6 bxc4 44. Rxc4 Ra3 45. Rc6 Kf7 46. Rxc7+ Kf6 47. a7
Kxf5 48. Re7 Bxe7 0-1

[Event "Let's Play Chess!"]
[Site "http://www.queenalice.com/game.php?id=1139561"]
[Date "2013.1.11"]
[Round "-"]
[White "The_Blunder_Bus"]
[Black "GiulioTorino"]
[Result "0-1"]
[WhiteElo "1785"]
[BlackElo "1700"]

1. d4 d5 2. c4 dxc4 3. Nc3 c6 4. a4 e5 5. e3 Bb4 6. Bd2 a5 7. Bxc4 Qe7 8. Nge2
Be6 9. d5 cxd5 10. Nxd5 Bxd5 11. Bxd5 Nf6 12. Bc3 O-O 13. Bxb4 axb4 14. Bb3 Nc6
15. Rc1 Rac8 16. O-O Rfd8 0-1